[Event "Champions Showdown Kings Blitz 2019-A"]
[Site "Saint Louis"]
[Date "2019.02.24"]
[Round "18"]
[White "Caruana, Fabiano"]
[Black "Harikrishna, Pentala"]
[Result "1/2-1/2"]
[WhiteElo "2828"]
[BlackElo "2726"]
[Annotator "TA"]
[PlyCount "68"]
[EventDate "2019.02.09"]
[EventType "match"]
[EventCountry "USA"]
[SourceTitle "playchess.com"]
[Source "ChessBase"]
[SourceQuality "1"]

{[%evp 15,68,29,29,24,22,26,21,20,29,0,37,10,16,0,36,31,52,49,52,39,77,72,44,38,86,51,58,59,56,24,26,0,106,0,0,0,0,-59,-59,-60,-60,-67,-18,-20,-11,-10,-14,-9,-17,-48,0,0,0,-45,0]} 1. e4 e5 2. Nf3 Nf6 3. Nxe5 d6 4. Nf3 Nxe4 5. Nc3 Nxc3 6. dxc3 Be7 7. Be3 Nc6 8. Qd2 Be6 9. O-O-O {C42: Petroff Defence: 3 Nxe5 and unusual White 3rd moves} Qd7 (9... Bxa2 $2 10. b3 $18) 10. h4 h6 (10... Bxa2 $2 11. b3 $18) 11. Nd4 {The position is equal.} Nxd4 ({Don't play} 11... Bxa2 $6 12. b3 $18) 12. Bxd4 Rg8 13. Kb1 O-O-O {[#]} 14. c4 $146 ({Predecessor:} 14. Qe3 Rde8 15. c4 a6 16. Qc3 g6 {½-½ (31) Wang,H (2690)-Wang,Y (2706) China 2017}) 14... Qc6 15. Qc3 ({Weaker is} 15. Bxa7 b6 $19) 15... g6 16. Be2 ({But not} 16. Bxa7 b6 $11) 16... h5 17. b3 Bg4 18. Bxg4+ hxg4 19. g3 a6 20. h5 gxh5 21. Rxh5 d5 22. Re1 Bg5 23. c5 Rde8 (23... Qg6 $11 24. Reh1 Rde8) 24. Reh1 ({Better is} 24. Rxe8+ $16 Qxe8 25. Bf6 Bxf6 26. Qxf6) 24... Qg6 $11 25. a4 Re2 26. Rh8 (26. Rh7 $11) 26... Rxh8 $15 27. Rxh8+ Kd7 28. Rb8 Bd2 (28... Qe4 $5 {[%cal Re4h1]} 29. Qd3 Re1+ 30. Kb2 Qxd3 31. cxd3 Re2+ 32. Ka1 Kc6 $15) 29. Qd3 $1 {[%cal Rd3e2]} Qxd3 30. cxd3 Be1 31. Rf8 Ke7 32. Rc8 Kd7 33. Rf8 Ke7 34. Rc8 Kd7 {Accuracy: White = 61%, Black = 53%.} 1/2-1/2

[Event "Champions Showdown Kings Blitz 2019-A"]
[Site "Saint Louis"]
[Date "2019.02.22"]
[Round "19"]
[White "Harikrishna, Pentala"]
[Black "Caruana, Fabiano"]
[Result "0-1"]
[WhiteElo "2726"]
[BlackElo "2828"]
[Annotator "TA"]
[PlyCount "86"]
[EventDate "2019.02.09"]
[EventType "match"]
[EventCountry "USA"]
[SourceTitle "playchess.com"]
[Source "ChessBase"]
[SourceQuality "1"]

{[%evp 9,86,0,0,0,0,0,25,25,22,21,12,7,0,0,26,28,27,38,25,8,11,0,14,13,38,0,12,0,0,0,0,0,0,0,8,0,-3,0,0,0,8,10,9,-247,-232,-385,-382,-406,-399,-403,-402,-411,-385,-509,-504,-512,-511,-481,-454,-533,-545,-824,-818,-977,-783,-726,0,-989,-975,-1008,-982,-1359,-1332,-1306,-1306,-1263,-1263,-1184,-1156]} 1. d4 Nf6 2. Nf3 d5 3. c4 e6 4. Nc3 Be7 5. Qc2 c5 6. cxd5 {D37: Queen's Gambit Declined: 5 Bf4} cxd4 7. Nxd4 exd5 (7... O-O 8. Bg5 Nxd5 9. Bxe7 Nxe7 10. Rd1 Qb6 11. Qb3 Qxb3 12. Nxb3 Nbc6 13. g3 b6 {½-½ (41) Svidler,P (2760)-Anand,V (2776) Moscow 2018}) 8. Bf4 $146 {White has an edge.} ({Predecessor:} 8. Bg5 Nc6 9. Rd1 h6 10. Bh4 Qa5 11. e3 O-O 12. Be2 Be6 13. Nb3 Qb4 {½-½ (94) Rustemov,A (2565)-Ubilava,E (2521) Olite 2006}) 8... O-O 9. e3 Nc6 10. Bd3 Nxd4 11. exd4 Be6 12. O-O Rc8 13. Qb3 Bd6 14. Bg3 Bxg3 15. hxg3 Qd7 16. Rfe1 g6 17. Rac1 Kg7 18. Qa4 (18. Qb4 {keeps more tension.} h5 19. a3 Rh8 20. Nb5 a6 21. Rxc8 Rxc8 22. Nc3) 18... Rxc3 19. Qxd7 Rxc1 20. Qxe6 $1 fxe6 21. Rxc1 $11 {[%mdl 4096] Endgame KRB-KRN} Ne8 22. Bb5 Nd6 23. Bd7 Rf6 24. g4 {next g5 is good for White.} g5 25. f3 Kf8 26. Bc8 $2 {[%mdl 8192] [#]} (26. Kf2 $11 {and White stays safe.}) 26... Ke8 $1 $19 27. Rc7 $2 (27. Kf2) 27... Kd8 {[%mdl 64] Double Attack} 28. Rxh7 Kxc8 {KRN-KR} 29. Kf2 Nf7 30. Ke3 Kd7 31. g3 Ke7 32. Rh1 Rh6 33. Rc1 Kd7 34. f4 Rh2 35. f5 Rxb2 36. Rh1 Ke7 37. Rc1 Kd7 38. Rh1 $1 Rxa2 {Black is clearly winning.} 39. Rh7 Ke7 40. Rg7 Ra3+ 41. Kf2 exf5 42. gxf5 Kf6 43. Rh7 g4 {Accuracy: White = 39%, Black = 74%.} 0-1

[Event "Champions Showdown Kings Blitz 2019-A"]
[Site "Saint Louis"]
[Date "2019.02.22"]
[Round "20"]
[White "Caruana, Fabiano"]
[Black "Harikrishna, Pentala"]
[Result "0-1"]
[WhiteElo "2828"]
[BlackElo "2726"]
[Annotator "TA"]
[PlyCount "122"]
[EventDate "2019.02.09"]
[EventType "match"]
[EventCountry "USA"]
[SourceTitle "playchess.com"]
[Source "ChessBase"]
[SourceQuality "1"]

{[%evp 20,122,12,0,0,0,14,0,2,0,23,25,52,4,6,14,61,56,44,40,66,62,77,28,49,46,44,45,50,42,46,47,46,44,55,43,43,43,43,45,113,77,87,85,102,70,87,50,99,0,27,24,23,0,0,0,0,0,0,-25,0,0,0,0,0,0,0,-20,-18,-6,7,0,0,0,0,0,0,0,0,0,0,-8,0,0,0,0,347,360,530,530,530,0,0,0,0,0,0,0,0,0,0,0,0,0,423]} 1. e4 e5 2. Nf3 Nc6 3. Bb5 a6 4. Ba4 Nf6 5. d3 b5 6. Bb3 Bc5 7. O-O d6 8. c3 h6 9. Re1 O-O 10. h3 Re8 11. Nbd2 Be6 {C78: Ruy Lopez: Archangelsk and Möller Defences} 12. Bc2 d5 (12... Bb6 13. b3 b4 14. Bb2 bxc3 15. Bxc3 d5 16. a3 a5 17. exd5 Nxd5 18. Bxe5 Nxe5 19. Rxe5 {½-½ (42) Jobava,B (2664)-Prohaszka,P (2602) Abu Dhabi 2015}) 13. exd5 Bxd5 14. b4 $146 ({Predecessor:} 14. Ne4 Nxe4 15. dxe4 Be6 16. Be3 Bxe3 17. Rxe3 Qe7 18. a4 Rad8 19. Qe2 {½-½ (65) Rockmann,J (1785)-Schneider,J (1644) Oberhof 2013}) 14... Bf8 15. a4 g6 16. Qe2 Bg7 17. Ne4 Nxe4 18. dxe4 Bc4 19. Qe3 Qe7 20. Nd2 Be6 21. Bd3 Rab8 22. axb5 axb5 23. Qe2 Bd7 $1 24. Nb3 Nd8 $1 25. Be3 Ne6 26. g3 c6 27. Ra7 Ra8 28. Rea1 $36 {[%mdl 2048] White has some pressure.} Rxa7 29. Rxa7 Qd6 (29... Rc8 $14) 30. h4 Rc8 31. Bc2 Be8 32. h5 g5 $1 33. Qf3 Qd8 34. Na5 ({White should play} 34. Nc5 $16) 34... Rc7 35. Bb6 {[%mdl 64] [#] Skewer} Qb8 36. Ra6 Qc8 37. Bxc7 Qxa6 38. Bd6 c5 39. Be7 Qa7 40. Bd6 Qb6 41. Qd3 cxb4 42. Bxb4 Bf8 43. Bxf8 Kxf8 (43... Nxf8 $5 44. Nb3 $8 Kg7 $11) 44. Nb3 Qd8 45. Qe3 Qc7 46. Bd1 Qc4 47. Nd2 Qc5 48. Qd3 b4 49. cxb4 Qxb4 50. Nf3 f6 51. Bb3 Nd4 52. Nxd4 Qxd4 $4 {[%mdl 8192]} (52... exd4 $11 53. Bd5 Bxh5) 53. Qa6 $18 Qd8 (53... Bxh5 $142 54. Qxf6+ {[%mdl 64] Double Attack} Ke8) 54. Qe6 Bxh5 {[#] and if ...Kg7 works, Black does fine.} 55. Qg8+ $2 (55. g4 $1 $18 Be8 56. Bd5) 55... Ke7 $11 {aiming for ...Qxg8.The position is equal.} 56. Qg7+ Kd6 57. Qxh6 Bf3 58. Bd5 Kc5 59. Qg7 {Qa7+ is the strong threat.} Qa5 60. Qe7+ Kd4 {( -> ...Qe1+)} 61. Kh2 Qa1 $2 {[%mdl 40960] Accuracy: White = 59%, Black = 45%. . Loss on time!?} (61... f5 $11) 0-1

[Event "Champions Showdown Kings Blitz 2019-A"]
[Site "Saint Louis"]
[Date "2019.02.22"]
[Round "21"]
[White "Harikrishna, Pentala"]
[Black "Caruana, Fabiano"]
[Result "0-1"]
[WhiteElo "2726"]
[BlackElo "2828"]
[Annotator "TA"]
[PlyCount "96"]
[EventDate "2019.02.09"]
[EventType "match"]
[EventCountry "USA"]
[SourceTitle "playchess.com"]
[Source "ChessBase"]
[SourceQuality "1"]

{[%evp 20,96,17,17,20,0,0,0,0,0,0,0,0,-25,-2,-44,-6,-26,-8,-48,-20,-29,-21,-38,-32,-60,-39,-66,-73,-131,-72,-62,-38,-45,-32,-46,-41,-39,-22,-59,-37,-37,-10,-50,-41,-35,-8,-135,-146,-137,-141,-133,-55,-55,-47,-191,-131,-178,-12,-185,-200,-200,-180,-189,-202,-297,-308,-989,-970,-1307,-885,-1430,-1129,-1122,-1101,-1253,-844,-2759,-2738]} 1. d4 d5 2. c4 e6 3. Nc3 Be7 4. Nf3 Nf6 5. Bf4 O-O 6. e3 Nbd7 7. Be2 dxc4 {D37: Queen's Gambit Declined: 5 Bf4} 8. O-O a6 9. a4 b6 10. Bxc4 Bb7 11. Qe2 {LiveBook: 5 Games} Nh5 $146 ({Predecessor:} 11... c5 12. Rfd1 cxd4 13. exd4 Qe8 14. d5 exd5 15. Bxd5 Nxd5 16. Nxd5 Bxd5 17. Rxd5 {½-½ (53) Grischuk,A (2783)-Radjabov,T (2713) Beijing 2013}) 12. Rad1 Nxf4 13. exf4 Nf6 14. Rfe1 Bb4 15. Ne5 Nd5 16. Qd2 (16. Bxd5 $5 exd5 17. Qg4 $11) 16... Rc8 17. Nd3 Bd6 18. Ne4 Nf6 19. Ng3 g6 20. Ne5 Nd5 {[#] White must now prevent ...Bb4.} 21. Nd3 Qh4 {[%cal Rd5f4]} 22. Ne2 Rfd8 23. h3 a5 24. Qc1 (24. Bxd5 $142 Bxd5 25. Qe3) 24... Bf8 (24... Nb4 $142 25. Nxb4 Bxb4) 25. Nc3 $17 Bg7 26. Bxd5 $1 Bxd5 27. Ne5 $1 Bb7 28. Qe3 Qe7 29. Ne4 Rf8 30. Rc1 Bd5 31. Rc3 Qb4 32. b3 h6 33. Rec1 {[#]} (33. Nd2 $11) 33... c5 $1 {[%cal Rc5d4][%mdl 512]} 34. Qd3 (34. dxc5 Qxe4) 34... Rcd8 35. Nd2 cxd4 ({Black should play} 35... g5 $17 36. Ndc4 gxf4) 36. Rc7 $15 Qd6 $36 {[%mdl 2048] White is under pressure.} 37. Ndf3 (37. Qxd4 $15 g5 38. g3) 37... Ba8 (37... Bxf3 $1 $19 38. Qxf3 Bxe5) 38. R7c4 {[%cal Rd3d4]} Qa3 $2 (38... Bxf3 $1 $19 39. Nxf3 Qxf4) 39. R1c2 $2 (39. Nxd4 $11 Bd5 40. R4c3) 39... Bd5 $19 40. Rxd4 Qxb3 41. Rc3 Qa2 42. h4 (42. Kh2 $142) 42... Rc8 43. h5 $2 (43. Rxc8 Rxc8 44. Qd1) 43... Qa1+ {Black is clearly winning.} 44. Kh2 Qxc3 45. Qe2 gxh5 46. Rd3 Qb4 47. Nd4 Qe7 {And now ...Qh4+ would win.} 48. Rg3 Qh4+ {Precision: White = 26%, Black = 38%.} 0-1

[Event "Champions Showdown Kings Blitz 2019-A"]
[Site "Saint Louis"]
[Date "2019.02.24"]
[Round "22"]
[White "Caruana, Fabiano"]
[Black "Harikrishna, Pentala"]
[Result "1-0"]
[WhiteElo "2828"]
[BlackElo "2726"]
[Annotator "TA"]
[PlyCount "75"]
[EventDate "2019.02.09"]
[EventType "match"]
[EventCountry "USA"]
[SourceTitle "playchess.com"]
[Source "ChessBase"]
[SourceQuality "1"]

{[%evp 14,75,0,0,0,0,2,0,52,53,103,101,83,42,44,39,39,39,39,35,30,37,38,43,38,28,29,42,84,80,84,63,63,63,63,63,63,63,60,58,77,53,104,91,91,91,104,104,112,98,126,121,135,135,135,133,159,161,246,246,246,246,29973,29964]} 1. d4 Nf6 2. c4 e6 3. Nf3 d5 4. g3 dxc4 5. Bg2 c5 6. O-O Nc6 7. Na3 cxd4 8. Nxc4 Bc5 {E04: Open Catalan: 5 Nf3} 9. b3 O-O 10. Bb2 d3 $146 ({Black should try} 10... Qc7 $11) ({Predecessor:} 10... Rb8 11. Nfe5 Bd7 12. Rc1 Rc8 13. Qd2 Nxe5 14. Nxe5 Qb6 15. Rfd1 Rfd8 16. Qf4 {½-½ (52) Short,N (2697)-Turner,M (2521) England 2012}) 11. e3 $14 Rb8 12. Rc1 b6 13. Nfe5 Nxe5 $1 14. Nxe5 {[#] aiming for Nc6.} Bb7 $1 15. Qxd3 Qxd3 16. Nxd3 Ba6 17. Rfd1 Bxd3 18. Rxd3 Rfd8 19. Rcd1 Rxd3 20. Rxd3 h5 21. Bf3 Be7 22. Bxf6 Bxf6 $16 {[%mdl 4096] Endgame KRB-KRB} 23. Rd7 a5 24. Bxh5 g6 25. Bf3 Rd8 26. Rb7 Rd2 27. a4 Bd8 (27... Bc3 $14) 28. Bc6 {Be8 is the strong threat.} Kf8 29. Bb5 Rd6 30. h4 Bf6 31. Kf1 Bc3 32. g4 Bf6 33. h5 gxh5 34. gxh5 Bg5 35. Ke2 Bf6 (35... e5 {is a better defense.} 36. Kf3 f5) 36. h6 $18 Kg8 37. Bd3 Bd8 $2 {[#]} (37... Kf8 $18 38. Rb8+ Rd8 39. Rxb6 Bc3) 38. h7+ $1 {Accuracy: White = 80%, Black = 38%.} 1-0

[Event "Champions Showdown Kings Blitz 2019-A"]
[Site "Saint Louis"]
[Date "2019.02.22"]
[Round "23"]
[White "Harikrishna, Pentala"]
[Black "Caruana, Fabiano"]
[Result "0-1"]
[WhiteElo "2726"]
[BlackElo "2828"]
[Annotator "TA"]
[PlyCount "70"]
[EventDate "2019.02.09"]
[EventType "match"]
[EventCountry "USA"]
[SourceTitle "playchess.com"]
[Source "ChessBase"]
[SourceQuality "1"]

{[%evp 10,70,29,3,20,19,54,44,37,24,28,12,27,8,39,17,75,67,53,43,31,45,54,47,66,-37,-28,-69,-79,-94,-100,-256,-79,-197,-201,-340,-273,-404,-373,-501,-484,-517,-512,-754,-648,-882,-722,-1282,-1246,-1214,-1092,-1071,-1054,-29962,-12849,-29987,-5514,-29988,-29986,-29990,-29991,-29992,-29993]} 1. e4 c5 2. Nf3 d6 3. d4 cxd4 4. Nxd4 Nf6 5. Nc3 a6 6. Nb3 e6 {B90: Sicilian Najdorf: Unusual White 6th moves, 6 Be3 Ng4 and 6 Be3 e5} (6... g6 7. Be3 Bg7 8. Qd2 Ng4 9. Bg5 h6 10. Bh4 g5 11. Bg3 Nc6 12. Be2 Nge5 13. h4 gxh4 14. Bxh4 {0-1 (35) Alekseenko,K (2638)-Nepomniachtchi,I (2763) St Petersburg 2018}) 7. g4 Nc6 8. g5 Nd7 {White is slightly better.} 9. h4 b5 10. a3 Bb7 11. Rh3 $146 ({Predecessor:} 11. Be3 Rc8 12. f4 Be7 13. Qd2 Nc5 14. Bg2 {½-½ (24) Cvak,R (2337)-Marchisotti,M (2341) ICCF email 2017}) 11... Qc7 12. h5 Nce5 (12... Be7 $11) 13. f4 Nc4 14. Bxc4 bxc4 15. Nd4 O-O-O 16. Qe2 Nc5 17. b4 (17. Bd2 $14) 17... cxb3 $1 $15 18. cxb3 e5 19. Nf5 {[#]} Kb8 $1 $36 {[%mdl 2048] Black has strong initiative.} ({Don't play} 19... Nxb3 $6 20. Rb1 $11) 20. Rb1 $2 (20. b4 $17 Nb3 21. Rb1 Nxc1 22. Rxc1) 20... g6 $2 (20... Qc8 $19 {and Black stays clearly on top.} 21. fxe5 {[#]} Nxe4 $1 {[%mdl 576] Remove Defender, Decoy} 22. Nxe4 Qxf5 {[%mdl 64] Double Attack}) 21. hxg6 (21. b4 $17 {was necessary.} Nxe4 22. Nxe4 gxf5 23. Rc3) 21... fxg6 $19 22. Ne3 (22. Ng3 $142) 22... Nxe4 23. Ned5 (23. Ncd5 $142 Qc8 24. Rh4 exf4 25. Rxf4) 23... Qd7 24. Rd3 Nxc3 25. Nxc3 Bg7 26. Kd1 Rhe8 27. Qd2 e4 28. Rd4 e3 29. Qd3 Bxd4 30. Qxd4 {[#]} e2+ $1 31. Ke1 (31. Nxe2 Qh3) 31... Qh3 {( -> ...Qh1+)} 32. Nxe2 Re4 (32... Rc8 $142 33. a4 Rc2 34. Qxd6+ Ka8 35. Kd1 Rec8 36. Qd2 Bf3 37. Ke1 Rxd2 38. Bxd2 Qg2 39. Ng3 Qxg3+ 40. Kf1 Qg2+ {[%mdl 64] Double Attack} 41. Ke1 Qg1#) 33. Qb6 Rde8 {Black mates.} 34. Qxd6+ Ka8 35. Rb2 Qh1+ {Accuracy: White = 27%, Black = 56%.} 0-1

[Event "Champions Showdown Kings Blitz 2019-A"]
[Site "Saint Louis"]
[Date "2019.02.24"]
[Round "24"]
[White "Caruana, Fabiano"]
[Black "Harikrishna, Pentala"]
[Result "0-1"]
[WhiteElo "2828"]
[BlackElo "2726"]
[Annotator "TA"]
[PlyCount "64"]
[EventDate "2019.02.09"]
[EventType "match"]
[EventCountry "USA"]
[SourceTitle "playchess.com"]
[Source "ChessBase"]
[SourceQuality "1"]

{[%evp 9,64,-3,18,-5,4,-12,-13,-25,0,0,0,4,3,-10,15,14,25,26,35,0,0,0,334,362,402,414,362,101,103,90,91,41,262,25,23,-81,-68,-74,-73,-77,0,-160,-174,-184,-193,-182,-179,-271,-254,-29990,-29991,-29992,-1360,-29995,-29996,-29996,-29997]} 1. b3 b6 2. Bb2 Bb7 3. Nf3 Nf6 4. d3 (4. g3 g6 5. Bg2 Bg7 6. d4 O-O 7. c4 c5 8. dxc5 bxc5 9. O-O d6 10. Qc2 Nbd7 11. Nc3 Rb8 12. Rab1 a6 13. Rfd1 Qc7 14. Rd2 Rfe8 15. e4 Rbd8 16. Nd5 Nxd5 17. exd5 {1-0 (51) Nakamura,H (2746)-Duda,J (2738) St Petersburg 2018}) 4... e6 5. e4 {[%cal Be2e4,Be4e5][%mdl 32]} c5 {LiveBook: 10 Games} 6. Nbd2 {A05: Réti Opening: 1 Nf3 Nf6} d5 7. e5 Nfd7 8. d4 {The position is equal.} cxd4 $146 ({Predecessor:} 8... Be7 9. Bb5 O-O 10. O-O Nc6 11. c4 Nxd4 12. Nxd4 cxd4 13. cxd5 Nxe5 {0-1 (29) Zilahi,G (2005)-Bodrogi,L (2085) Budapest 2004}) 9. Nxd4 Be7 10. f4 O-O 11. Qh5 g6 12. Qh6 $36 {[%mdl 2048] White has good play.} Nc6 13. Nxc6 Bxc6 14. O-O-O a5 15. Nf3 {And now h4 would win.} a4 $2 {[%mdl 8192]} (15... Re8 $1 $11) 16. h4 $1 $18 {[%cal Rh4h5]} Re8 17. Ng5 Nf8 18. Bd3 $2 (18. f5 $1 $18 {[%cal Rf5f6] and the rest is easy.} gxf5 19. g4 $1 {[%mdl 512]} Bxg5+ 20. hxg5) 18... axb3 $16 19. axb3 Bxg5 20. hxg5 Qd7 $2 (20... d4 $14) 21. Bc3 $2 ({White must play} 21. g4 $1 $18) 21... Qe7 $1 $11 22. Rh4 (22. Qh3 $11 {keeps the balance.}) 22... Qc5 $17 23. Bb2 {Threatens to win with f5!} Ra2 {White must now prevent ...Rea8.} 24. f5 Qe3+ (24... gxf5 $17 {Strongly threatening ...Bb5.} 25. g4 {[#]} Rxb2 $1 {[%mdl 512]} 26. gxf5 (26. Kxb2 $2 {too greedy.} Ra8 $17) 26... Rxc2+ $1 {[%mdl 512]} 27. Bxc2 exf5) 25. Kb1 $2 (25. Rd2 $1 $11 gxf5 26. g6 Qxh6 27. gxf7+ Kxf7 28. Rxh6) 25... Rxb2+ $1 26. Kxb2 {Intending f6 and mate.} Qxe5+ 27. c3 {f6 would kill now.} exf5 28. Rhh1 (28. Rb4 {was necessary.}) 28... d4 $19 29. c4 $2 (29. Rhe1 $19 dxc3+ 30. Kc2) 29... Qa5 30. Rc1 Qd2+ (30... Ra8 $142 31. Qg7+ Kxg7 32. Rxh7+ Nxh7 33. Kc2 Qc3+ 34. Kd1 Qxd3+ 35. Ke1 Ra2 36. Rc2 Rxc2 37. b4 Qe2#) 31. Bc2 Qc3+ 32. Kb1 Ra8 {Precision: White = 34%, Black = 57%.} 0-1